| 000 | 03082cam a2200325 i 4500 | ||
|---|---|---|---|
| 008 | 111201s2011 sp a b 000 0 spa c | ||
| 010 | _a 2012393396 | ||
| 020 | _a3865276660 (Vervuert) | ||
| 020 | _a8484896129 (Iberoamericana) | ||
| 020 | _a9783865276667 (Vervuert) | ||
| 020 | _a9788484896128 (Iberoamericana) | ||
| 040 |
_aCGU _beng _cCGU _erda _dC3L _dOHX _dNOC _dPL# _dDLC |
||
| 043 | _acl----- | ||
| 050 | 0 | 0 |
_aF1231 _b.C384 2011 |
| 092 | 0 | 4 |
_a972.02 _bC39792 _221 |
| 099 |
_a04 _a972.02 C39792 |
||
| 245 | 0 | 0 |
_aCentro y periferia : _bcultura, lengua y literatura virreinales en America / _cClaudia Parodi, Jimena Rodriguez (eds.). |
| 260 |
_aMadrid : _bIberoamericana ; _aFrankfurt am Main : _bVervuert, _c2011. |
||
| 300 |
_a269 p. : _billustrations ; _c23 cm. |
||
| 504 | _aIncludes bibliographical references. | ||
| 505 | 0 | _aEl naufragio : إcrâonica, ficciâon, historia? / Margo Glantz -- Fiestas palaciegas : sor Juana Inâes de la Cruz y el Neptuno alegâorico, Carlos de Sigèuenza y Gâongora y el Teatro de virtudes polâiticas / Claudia Parodi -- Ciudad lâudica : juegos, diversiones pâublicas, caballos, libreas y otras galas novohispanas / Marâia Josâe Rodilla -- El viaje como relato intercalado en crâonicas de la Conquista : la expedicion a las Hibueras en la Historia verdadera / Jimena Rodrâiguez -- Carlos de Sigèuenza y Gongora y el archivo criollo en la Nueva Espaنna / Anna More -- El criollismo de Josâe de Eguiara y Eguren en los Prâologos a la Biblioteca mexicana / Covadonga Lamar Prieto -- Del discurso historiogrâafico al discurso panegâirico en relaciones de mâeritos de Pedro Porter Casanate, explorador del Golfo de California / Manuel Pâerez -- Un cancionero popular o las mâascaras de la voz / Mariana Masera -- Las cosas de la tierra : las enfermedades en las Relaciones geogrâaficas del siglo XVI / Enrique Delgado Lâopez, Marco Antonio Pâerez Durâan y Gabriela Torres Montero -- Siclaco verbum caro : ecos del teatro âaureo en la provincia mâas distante de la Nueva Espaنna / Leonardo Sancho Dobles -- Literatura, historia y naciâon : la funciâon legal y subversiva que (ob)tuvo el discurso de Jimâenez de Quesada en la instauraciâon y aboliciâon de la Nueva Granada y en la formaciâon de la Repâublica de Colombia / NelsonGonzâalez-Ortega -- Secuestro de la voz y de la identidad neogranadina por la Corona espaنnola durante el comienzo de la invasiâon : las obras que "sufrieron el ultraje de manuscritos entre el concurso de muchos libros impresos" / Yunsook Kim -- Lengua y prestigio en el Perâu colonial / âAngela Helmer -- Escritura y deseo en solares y claustros coloniales / Manuel Alejandro Durâan -- Re-conocimiento cautivado : manifestaciones discursivas de un sujeto cautivo en la âultima frontera / Maura Salvo. | |
| 650 | 0 |
_aSpanish literature _zNew Spain _xHistory and criticism. |
|
| 651 | 0 |
_aNew Spain _xCivilization. |
|
| 700 | 1 | _aParodi, Claudia. | |
| 700 | 1 | _aRodriguez, Jimena N. | |
| 902 | _a2 | ||
| 905 |
_aJamal _eRev. |
||
| 905 |
_aJihan _eCat. |
||
| 942 |
_2ddc _cBK |
||
| 999 |
_c130523 _d130523 |
||